Quizzes
Events
Quiz Creation
Community
Videos
Private Events
Remove Ads
Sign In
Join for FREE
Feedback
Dark Mode
Quiz Categories
Sports
Geography
Music
Movies
Television
Just For Fun
Miscellaneous
History
Literature
Language
Science
Gaming
Entertainment
Religion
Holiday
For Kids
Quiz Lab
Recent
Popular Today
Quiz Kudos Today
Editor Picks
Curator Picks
Quizzes by...
Day
Popularity
Type
Ratings
Length
Year
Community
Subscriptions
Recent Discussions
Orange Saloon
Badges
Playlists
Quests
Create
Leaderboards
Showdown
Live 5
Trivia Bingo
Activity
Puzzle Library
Sporcle Events
Private Events
Virtual Trivia
Globe League
Become a Host
Pub Owners
SporcleCon
Opinionation
Our Games
Videos
Blog
Mobile Apps
Partnerships
Remove Ads and Go Orange
Feedback
Television
TV Characters
TV Show
Sitcom
Network
Friends
Reality Shows
Cast
South Park
Star Trek
The Simpsons
Doctor Who
Television
TV Characters
TV Show
Sitcom
Network
Friends
Reality Shows
Cast
South Park
Star Trek
The Simpsons
Doctor Who
Random Quiz
Search Sporcle
×
Quiz Lab
Quiz Lab
Television
planet
Type in answers that appear in a list
Type in answers that appear in a list
Classic
Best Score? Go Orange.
Planets in Futurama Stats
Can you name the Planets in Futurama?
By
blueinfinity
6m
24 Questions
1,293 Plays
1,293 Plays
1,293 Plays
Comments
Comments
Give Quiz Kudos
Give Quiz Kudos
-
- Ratings
hide this ad
More Info
Replay
Link that replays current quiz
Next Quiz
Link to next quiz in quiz playlist
You Got
0%
They Got
Avg Score
29%
Avg Friend Score
Upgrade to see
Score Distribution
Jump to the score distribution portion of the page
Score
0/24
Timer
06:00
0
Plays Today
Episode
Planet
% Correct
Space Pilot 3000
Earth
93.7%
Mars University
Mars
82.1%
When Aliens Attack
Omicron Persei 8
62.9%
A Tale of Two Santas
Neptune
60.2%
The Birdbot of Ice-
Catraz
Pluto
54.7%
Put Your Head on My Shoulder
Mercury
48.5%
Amazon Women in the Mood
Amazonia
41.1%
Love's Labours Lost in Space
Vergon 6
35%
Fry and the Slurm Factory
Wormulon
33.1%
Why Must I Be a Crustecean in Love?
Decapod 10
28.2%
Brannigan, Begin Again
Neutral Planet
24.4%
My Three Suns
Trisol
17.9%
Episode
Planet
% Correct
A Bicyclops Built for Two
Cyclopia
17.2%
How Hermes Requisitioned His Groove Back
Spa 5
15.5%
Fear of a Bot Planet
Chapek 9
13.8%
Kif Gets Knocked Up a Notch
Amphibios 9
12.9%
War Is the H-
Word
Spheron 1
12.1%
A Pharaoh to Remember
Osiris 4
10.7%
The Day the Earth Stood Stupid
Eternium
9.5%
Where No Fan Has Gone Before
Omega 3
8.3%
The Problem with Popplers
Nursery Planet
7.8%
Brannigan, Begin Again
Stumbos 4
5.9%
Three Hundred Big Boys
Tarantulon
5.6%
The Lesser of Two Evils
Tova 9
3.6%
Quiz Playlist
Details
Report
Send in Message
Add To Playlist
More Info:
Note: This list is limited to planets visited by the Planet Express crew, rather than those just mentioned. So, no Cowboy World.
Classic:
Type in answers that appear in a list
Quiz Source
Last Updated: Feb 16, 2017
Quiz Scoreboard
CHALLENGE
Sign Up to Join the Scoreboard
Show All
Scores
Hide
Comments
May contain spoilers
Recently Published
One Thing in Common: World Cities II
by knightlancer
Geography
7m
Popular People in 1961
by mucciniale
History
6m
1-10 Letter E Words III
by El_Dandy
Language
2m
More to Explore
Quiz From the Vault
Featured Blog Post
Where Did the Easter Bunny Come From?
hide this ad
You Might Also Like...
Tags
episode
futurama
planet
Today's Top Quizzes in Television
Browse Television
hide this ad
Today's Top Quizzes in planet
Browse planet
Top Contributed Quizzes in Television
1
One Piece Logic Puzzle
2
Survivor Logic Puzzle: Heroes vs. Villains
3
Survivor Seasons
4
Survivor Season by Logo
5
Survivor Trivia
6
Survivor Logic Puzzle: Winners at War
7
Ultimate Survivor Logic Puzzle
8
Phoebe Buffay Quotes
9
Emmerdale Characters (from August 2012)
10
One Thing in Common: Television
Explore More
Trending Topics
Crossword
NBA
Anime
Kpop
Marvel
Harry Potter
Disney
Song
NFL
Country
WWE
Soccer
Pokémon
The Office
Puzzle
hide this ad
More By:
blueinfinity
Quiz
Plays
Rating
Category
Featured
Created
Planets in Futurama
1,293
4.50
Television
Oct 30, 2009
Diablo 2 NPCs
1,056
4.80
Gaming
Nov 28, 2009
Shades of Blue
238
3.00
Miscellaneous
Dec 8, 2009
Go to Creator's Profile
Score Distribution
Quiz Creator Spotlight
blueinfinity
Follow
Send a Message
Quizzes Created
-
Created Quiz Play Count
-
More By This Creator
Popular Quizzes Today
1
Find the US States - No Outlines Minefield
2
The Countries of the World
3
Find the Countries of Europe - No Outlines Minefield
4
Popular People in 1961
5
1-10 Letter E Words III
6
Find the US States
7
One Thing in Common: World Cities II
8
US States
More Television Quizzes
TV Show Slideshow Acrostic (ABC) II
Published
Trending Quizzes
Risky Map Clicking: Least Populous States A-Z
1-10 Letter F Words
1-10 Letter G Words
One Thing in Common: United Kingdom
Risky Map Clicking: Next State Alphabetically
Recently Updated
Leaping Animals
pecheneg
Reality TV Shows (A-Z)
bhenderson79
Rickey Henderson's Hall of Fame Teammates
pecheneg
Champions League XIs: Arsenal
pecheneg
Quick Pick: Celebrities in WWE's Hall of Fame
aduchscher
A-Z Keypad Blitz II
pecheneg
Multiple Oscar Actors
pecheneg
Mystery Phrase Blitz: Oscar 'Best Actors'
pecheneg
F. Scott Fitzgerald Novels
LTH
Pick 3 Villains
ddd62291
Trending Topics
Anime
Crossword
Disney
Kpop
Marvel
Harry Potter
NBA
Song
The Office
Pokémon
WWE
NFL
Puzzle
Country
Soccer
Your Account Isn't Verified!
In order to create a playlist on Sporcle, you need to verify the email address you used during registration. Go to your
Sporcle Settings
to finish the process.
Report this User
Report this user for behavior that violates our
Community Guidelines
.
Details:
Send Report
Go to the Sporcle.com Mobile Site →
Comments